01243nab a22002297a 4500999001500000003000400015005001700019008004100036040000700077100003200084245011700116260007300233300001500306500003700321505026100358505010600619505008200725650002300807650001400830773015600844942001301000 c5610d5610OSt20251222113507.0190429b xxu||||| |||| 00| 0 spa d cPJ 96585aMartín, Adrián N.10a¿Cuándo se determina la pena? Un aporte más para horadar el principio de legalidad /cAdrián N. Martín. cCiudad Autónoma de Buenos Aires :aThomson Reuters La Ley, b2025. ap. 103-107 aCita: TR LALEY AR/DOC/1172/2025. aSumario: I. Introducción.— II. El plenario.— III. La posición de la mayoría.— IV. Algunas consideraciones críticas sobre la posición mayoritaria.— V. La claridad conceptual de la disidencia.— VI. La posición futura frente al plenario. aFallo comentado: CNCasación Penal, en pleno ~ 13/05/2025 ~ P., J. L. V. s/ inaplicabilidad de ley. tSi te interesa el texto completo, solicitalo a koha@justierradelfuego.gov.ar  09343aDERECHO PENAL 09193aPENA0 0265893164tRevista de derecho penal y criminología. Nº 7 - Agosto 2025dCiudad Autónoma de Buenos Aires : Thomson Reuters La Ley, 2017-x00347914 2udccANA